01354 a2200205 45000010006000000050017000060080041000230030015000640400040000790800058001192450074001770200022002512640040002733000019003135050672003320410008010041000023010127000018010358560095010536117520260407155902.0260407a2024 arg spa dAR-UNSa-BCEJYS aAR-UNSa-BCEJYSbspacAR-UNSa-BCEJYS a657(083)xResoluciones Técnicas Contables. Informes10aNorma unificada argentina de contabilidadpRT Nº 54 (T.O. RT Nº 56) a978-631-6500-58-8 1aBuenos Aires :bEdiciones DyDc2024 a448 p.c23 cm. a1. Introducción - 2. Caja y bancos - 3. Inversiones financieras - 4. Créditos en moneda y en especie - 5. Bienes de cambio y costo de los bienes vendidos (o de los servicios prestados) - 6. Bienes de uso y depreciaciones - 7. Propiedades de inversión - 8. Activos intangibles (distintos de la llave de negocio) - 9. Activos no corrientes mantenidos para la venta - 10. Otras inversiones - 11. Pasivos ciertos (Deudas) - 12. Previsiones y pasivos contingentes - 13. Patrimonio neto - 14. Ajuste por inflación de los estados contables - 15. Normas generales de la RT 54: cambios en los requisitos normativos y normas de transición para su aplicación inicial aspa1 aPetti, Ana María1 aSuardi, Diana41uhttps://biblioeco.unsa.edu.ar/pmb/images/libros/L129323.jpgyImagen de portadaqimage/jpeg